L'économie britannique

Gespeichert in:
Bibliographische Detailangaben
1. Verfasser: Esposito, Marie-Claude
Format: Buch
Sprache:Französisch
Veröffentlicht: Paris Presses Universitaires de France 1993
Schriftenreihe:Que sais - je ? 1085
Schlagworte:
Tags: Tag hinzufügen
Keine Tags, Fügen Sie das erste Tag hinzu!

MARC

LEADER 00000nam$a2200000$$$4500
001 0115913
005 20240111124607.3
020 |a 2-13-045572-7 
041 0 |a fre 
044 |a FR 
245 1 0 |a L'économie britannique  |c Marie-Claude Esposito 
264 1 |a Paris  |b Presses Universitaires de France  |c 1993 
300 |a 127 s. 
490 1 |a Que sais - je ?  |v 1085 
830 0 |a Que sais - je ?  |v 1085 
610 2 0 |a situácia hospodárska 
610 2 0 |a hospodárstvo národné 
610 2 0 |a Veľká Británia 
100 1 |a Esposito, Marie-Claude